| 000 | 00000nam 2200000zi 4500 |
| 001 | 9.953208 |
| 003 | CaOODSP |
| 005 | 20250822083223 |
| 006 | m o d f |
| 007 | cr |n||||||||| |
| 008 | 250715e202508 oncd ob f000 0 eng d |
| 020 | |a9780660781457 |
| 040 | |aCaOODSP|beng|erda|cCaOODSP |
| 043 | |an-cn-nf |
| 086 | 1 |aFs70-7/2025-023E-PDF |
| 245 | 00|aUpdate of NAFO division 3KLPs Atlantic herring (Clupea harengus) to 2024. |
| 246 | 37|aUpdate of 3KLPs Atlantic herring |
| 264 | 1|aOttawa : |bCanadian Science Advisory Secretariat, |cAugust 2025. |
| 264 | 4|c©2025 |
| 300 | |a1 online resource (14 pages) : |bgraphs. |
| 336 | |atext|btxt|2rdacontent |
| 337 | |acomputer|bc|2rdamedia |
| 338 | |aonline resource|bcr|2rdacarrier |
| 490 | 1 |aScience response, |x1919-3769 ; |v2025/023 |
| 500 | |aIssued also in French under title: Mise à jour de l'état des stocks de hareng de l'atlantique des divisions 3KLPS de l'OPANO (Clupea harengus) jusqu'en 2024. |
| 500 | |aCaption title. |
| 504 | |aIncludes bibliographical references (page 13). |
| 650 | 0|aAtlantic herring|zNewfoundland and Labrador|zAtlantic Coast. |
| 650 | 0|aAtlantic herring fisheries|zNewfoundland and Labrador|zAtlantic Coast. |
| 650 | 0|aFish stock assessment|zNewfoundland and Labrador|zAtlantic Coast. |
| 710 | 1 |aCanada. |bDepartment of Fisheries and Oceans. |bNewfoundland and Labrador Region, |eissuing body. |
| 710 | 2 |aCanadian Science Advisory Secretariat, |eissuing body. |
| 775 | 08|tMise à jour de l'état des stocks de hareng de l'atlantique des divisions 3KLPS de l'OPANO (Clupea harengus) jusqu'en 2024.|w(CaOODSP)9.953210 |
| 830 | #0|aScience response (Canadian Science Advisory Secretariat)|v2025/023.|w(CaOODSP)9.506232 |
| 856 | 40|qPDF|s1.49 MB|uhttps://publications.gc.ca/collections/collection_2025/mpo-dfo/fs70-7/Fs70-7-2025-023-eng.pdf |